00635nam a2200181Ia 4500008004000000020001800040082001800058100004000076245003400116250000500150260005700155300001400212650000800226690002100234906001100255999001900266952016800285210210b2002 xxu||||| |||| 00| 0 eng d a81 7520 069 3 a378.0025 UNIV aASSOCIATION OF INDIAN UNIVERSITIES. aUNIVERSITIES handbook. Ed 29. a aNew Delhi.bAssociation of indian universitiesc2002 axxii,1252 aAIU aHigher Education a057859 c105225d105225 001040708EducationaALbALcEducationd2021-02-17eHigginbothams (P) Ltd., Mangalore-01.g3000.00l0o378.0025 UNIVp057859r2021-02-17 00:00:00w2021-02-17yBK